000 01189cam a2200241 4500
001 ABS64333
008 010903n2001 000 0 eng u
035 _a(Sirsi) u114413
100 _aChowdery, M
245 _aMade to measure
260 _c2001
490 _aHouseBuilder
_v60(7) August 2001, 33-34(2)
520 _aExamines the results of benchmarking the first series of Housing Forum Demonstation Projects, which, on the whole, outperform the general industry, except in the area of profitability. Explains that the private sector should study the results of the Housing Forum's adoption of "Rethinking Construction" principles as they are proving to provide a better product with fewer defects and a better safety record. May 2001 edition of the Housing Forum Demonstration Project reports is available at http://www.thehousingforum.org.uk. Hard copies available on request.
590 _aABS
650 _aHOUSING FORUM
650 _aHOUSING FORUM DEMONSTRATION PROJECTS
650 _aHOUSING DEVELOPMENTS
650 _aBENCHMARKING
650 _aEGAN REFORMS
650 _aKEY PERFORMANCE INDICATORS
690 _aBUILDING AND CONSTRUCTION-PROJECTS
942 _n0
999 _c68142
_d68142